000 00586nam a22002057a 4500
003 OSt
005 20151021143044.0
008 151021b xxu||||| |||| 00| 0 eng d
020 _a9970067020
040 _cDDC
082 _a005.1 MAB 2005
100 _aMabel, Komunda Birungi
_95881
245 _aBusiness communication skills:
_bimproving communication skills the wayforward.
250 _a2nd ed.
260 _aKampala;
_bMukono Bookshop,
_c2005
300 _axii,436p;
_bill:
_c20cm
504 _aReferences included
650 _aBusiness Communication
_95408
942 _2z
_cSLOAN
999 _c2344
_d2344